| 000 | 00344nam a22001457a 4500 | ||
|---|---|---|---|
| 008 | 250417b ||||| |||| 00| 0 eng d | ||
| 020 | _a9781840228731 | ||
| 041 | _aeng | ||
| 080 |
_22013 _a82AUS |
||
| 082 |
_282AUS _a82AUS |
||
| 100 | _a01 | ||
| 101 | _aGJUHE SHQIPE | ||
| 245 |
_aLADY SUSAN AND OTHER WORKS _cJANE AUSTEN |
||
| 942 |
_2udc _cBK |
||
| 999 |
_c60667 _d60667 |
||